Plant and Fungi Classifications - Statistics

General Stats
  • This quiz has been taken 9 times
    8 since last reset
  • The average score is 19 of 497
Answers on the Map
Answers color-coded by a green-red scale on the quiz's map according to % correct below.
 
Answer Stats
Answer % Correct
Plant Aster
57%
Plant Eudicots
57%
Plant Monocots
57%
Plant Rosa
57%
Plant Fagus
43%
Plant Pinus
43%
Plant Quercus
43%
Plant Sequoia
43%
Plant Solanum
43%
Plant Abies
29%
Plant Allium
29%
Plant Angiosperms
29%
Plant Asterids
29%
Plant Faba / Vicia faba
29%
Fungi Fungi Kingdom
29%
Plant Juniperus
29%
Plant Lilium
29%
Plant Malus
29%
Plant Plant Kingdom / Embryophyta
29%
Plant Poa
29%
Plant Poaceae Family
29%
Plant Prunus
29%
Plant Pyrus
29%
Plant Ranunculus
29%
Plant Rosids
29%
Fungi Agaricaceae Family
14%
Fungi Agaricales Order
14%
Plant Allium cepa
14%
Plant Allium schoenoprasum
14%
Plant Aloe vera
14%
Plant Amaryllidaceae Family
14%
Plant Amaryllis
14%
Plant Anemone
14%
Fungi Ascomycota Phylum
14%
Plant Asparagales Order
14%
Plant Asparagus
14%
Plant Asteraceae Family
14%
Plant Asterales Order
14%
Fungi Basidiomycota Phylum
14%
Plant Brassica
14%
Plant Brassicaceae Family
14%
Plant Brassicales Order
14%
Plant Brassica oleracea
14%
Plant Campanulaceae Family
14%
Plant Campanulids
14%
Plant Carex
14%
Plant Cedrus
14%
Plant Citrus
14%
Plant Crassulaceae Family
14%
Plant Crocus
14%
Plant Cucumis
14%
Plant Cucurbita
14%
Plant Cupressus
14%
Plant Cyperaceae Family
14%
Plant Delphinium
14%
Plant Erica
14%
Eukaryotes
14%
Plant Fabids
14%
Plant Fragaria
14%
Plant Galanthus
14%
Plant Gymnosperms
14%
Plant Helianthus
14%
Plant Hibiscus
14%
Fungi Higher Fungi
14%
Plant Hosta
14%
Plant Iris
14%
Plant Lactuca
14%
Plant Lamiids
14%
Plant Laurus
14%
Plant Lavandula
14%
Plant Liliaceae Family
14%
Plant Liliales Order
14%
Plant Malvids
14%
Plant Mentha
14%
Plant Narcissus
14%
Plant Nymphaeales Order
14%
Plant Opuntia
14%
Plant Orchidaceae Family
14%
Plant Picea
14%
Plant Poales Order
14%
Plant Polygonaceae Family
14%
Plant Populus
14%
Plant Ranunculaceae Family
14%
Plant Ranunculales Order
14%
Plant Rhododendron
14%
Plant Rosaceae Family
14%
Plant Rosales Order
14%
Plant Salvia
14%
Plant Saxifragales Order
14%
Plant Sedum
14%
Plant Sempervivum
14%
Plant Solanaceae Family
14%
Plant Tsuga
14%
Plant Tulipa
14%
Plant Veronica
14%
Plant Wisteria
14%
Plant Zantedeschia
14%
Plant Zingiber
14%
Plant Abelmoschus esculentus
0%
Plant Actinidiaceae Family
0%
Fungi Agaricineae Suborder
0%
Fungi Agaricomycetes Class
0%
Fungi Agaricus
0%
Fungi Agaricus arvensis
0%
Fungi Agaricus bisporus
0%
Fungi Agaricus campestris
0%
Fungi Agaricus subrufescens
0%
Fungi Agaricus xanthodermus
0%
Plant Alcea
0%
Plant Alismatales Order
0%
Plant Allium ampeloprasum
0%
Plant Allium giganteum
0%
Plant Allium sativum
0%
Fungi Amanita
0%
Fungi Amanita bisporigera
0%
Fungi Amanita caesarea
0%
Fungi Amanitaceae Family
0%
Fungi Amanita jacksonii
0%
Fungi Amanita muscaria
0%
Fungi Amanita pantherina
0%
Fungi Amanita phalloides
0%
Fungi Amanita rubescens
0%
Plant Amaranthaceae Family
0%
Plant Amborellaceae Family
0%
Plant Amborellales Order
0%
Amoebozoa Phylum
0%
Plant Amorphophallus titanum
0%
Plant Anacardiaceae Family
0%
Plant Anacardium occidentale
0%
Plant Anethum graveolens
0%
Plant Anthemideae Tribe
0%
Plant Anthocerotophyta Division
0%
Plant Antirrhinum
0%
Plant Apiaceae Family
0%
Plant Apiales Order
0%
Plant Apium graveolens
0%
Plant Apocynaceae Family
0%
Plant Aquifoliaceae Family
0%
Plant Aquifoliales Order
0%
Plant Aquilegia
0%
Plant Araceae Family
0%
Plant Arachis hypogaea
0%
Plant Araliaceae Family
0%
Plant Araucariaceae Family
0%
Plant Araucariales Order
0%
Archaeplastida
0%
Plant Arecaceae Family
0%
Plant Arecales Order
0%
Plant Asparagaceae Family
0%
Fungi Aspergillaceae Family
0%
Fungi Aspergillus oryzae
0%
Plant Astereae Tribe
0%
Plant Athyriaceae Family
0%
Plant Austrobaileyales Order
0%
Plant Avena
0%
Bacillariophyceae Class
0%
Plant Bambusoideae Subfamily
0%
Plant Begoniaceae Family
0%
Plant Bellis
0%
Plant Beta vulgaris
0%
Plant Betulaceae Family
0%
Bikonta
0%
Fungi Bolbitiaceae Family
0%
Fungi Boletales Order
0%
Plant Brassica napus
0%
Plant Brassica oleracea var. acephala
0%
Plant Brassica oleracea var. botrytis
0%
Plant Brassica oleracea var. gemmifera
0%
Plant Brassica oleracea var. italica
0%
Plant Brassica oleracea var. oleracea
0%
Plant Brassica rapa
0%
Plant Bromeliaceae Family
0%
Plant Bryophyta Division
0%
Plant Cactaceae Family
0%
Plant Calamus
0%
Fungi Calvatia gigantea
0%
Fungi Candida
0%
Plant Cannabaceae Family
0%
Plant Cannabis
0%
Fungi Cantharellaceae Family
0%
Fungi Cantharellales Order
0%
Plant Caprifoliaceae Family
0%
Plant Capsicum
0%
Plant Caricaceae Family
0%
Plant Carnegiea gigantea
0%
Plant Carya
0%
Plant Caryophyliales Order
0%
Plant Caryophyllaceae Family
0%
Plant Castanea
0%
Plant Cattleya
0%
Plant Chamaemelum
0%
Plant Chenopodium quinoa
0%
Plant Chlorophyta Division
0%
Plant Chlorophytum
0%
Plant Chrysanthemum
0%
Plant Cicer
0%
Plant Cichorieae Tribe
0%
Plant Cinnamomum
0%
Plant Cirsium
0%
Plant Citrullus
0%
Plant Citrus aurantiifolia
0%
Plant Citrus aurantium
0%
Plant Citrus limon
0%
Plant Citrus maxima
0%
Plant Citrus medica
0%
Plant Citrus paradisi
0%
Plant Citrus reticulata
0%
Plant Citrus sinensis
0%
Fungi Clavariaceae Family
0%
Fungi Clavicipitaceae Family
0%
Plant Clematis
0%
Plant Cocos
0%
Fungi Codycipitaceae Family
0%
Plant Colocasia esculenta
0%
Plant Commelinaceae Family
0%
Plant Commelinales
0%
Plant Commelinids
0%
Plant Conifer Division
0%
Plant Convallaria majalis
0%
Plant Convolvulaceae Family
0%
Fungi Coprinus comatus
0%
Plant Coreopsideae Tribe
0%
Plant Coreopsis
0%
Plant Coriandrum sativum
0%
Plant Cornaceae Family
0%
Plant Cornales Order
0%
Plant Coryphantha
0%
Plant Cosmos
0%
Plant Crassula ovata
0%
Plant Cucurbitaceae family
0%
Plant Cucurbitales Order
0%
Plant Cuminum cyminum
0%
Plant Cupressaceae Family
0%
Plant Cupressales Order
0%
Plant Curcuma
0%
Plant Cyatheales Order
0%
Plant Cycadophyta Division
0%
Plant Cydonia
0%
Plant Cynara
0%
Plant Cyperus papyrus
0%
Plant Dahlia
0%
Plant Daucus carota
0%
Plant Dennstaedtiaceae Family
0%
Plant Digitalis
0%
Plant Dipsacales Order
0%
Plant Dracaena trifasciata
0%
Plant Droseraceae Family
0%
Plant Dryopteridaceae Family
0%
Plant Echinacea & Rudbeckia
0%
Plant Elacis
0%
Plant Elettaria
0%
Plant Epipremmum
0%
Plant Equisetales Order
0%
Plant Ericaceae Family
0%
Plant Ericales Order
0%
Fungi Erysiphaceae Family
0%
Fungi Erysiphales Order
0%
Plant Eucalyptus
0%
Plant Euphorbiaceae Family
0%
Fungi Eurotiales Order
0%
Fungi Eurotiomycetes Class
0%
Plant Fabaceae Family
0%
Plant Fabales Order
0%
Plant Fabeae Tribe
0%
Plant Fagaceae Family
0%
Plant Fagales Order
0%
Plant Foeniculum vulgare
0%
Plant Fraxinus
0%
Fungi Geastrales Order
0%
Plant Gentianales Order
0%
Fungi Geoglossaceae Family
0%
Fungi Geoglossales Order
0%
Fungi Geoglossomycetes Class
0%
Plant Geraniaceae Family
0%
Plant Geraniales Order
0%
Plant Gesneriaceae
0%
Plant Ginkgophyta Division
0%
Plant Glycine
0%
Plant Gossypium
0%
Plant Grossulariaceae Family
0%
Gyrista
0%
Plant Hamamelidaceae Family
0%
Plant Hedera
0%
Plant Heliantheae Tribe
0%
Plant Helleborus
0%
Plant Hordeum
0%
Plant Humulus
0%
Plant Hyacinth
0%
Plant Hydrangeaceae Family
0%
Fungi Hygrophoraceae Family
0%
Fungi Hymenogastraceae Family
0%
Fungi Hyndnaceae Family
0%
Fungi Hypocreaceae Family
0%
Fungi Hypocreales Order
0%
Plant Iridaceae Family
0%
Plant Jasminum
0%
Plant Juglandaceae Family
0%
Plant Juglans
0%
Plant Juncaceae Family
0%
Plant Kalanchoe
0%
Fungi Lactarius
0%
Plant Lamiaceae Family
0%
Plant Lamiales Order
0%
Plant Later Angiosperms
0%
Plant Lathyrus
0%
Plant Lauraceae Family
0%
Plant Laurales Order
0%
Fungi Lecanorales Order
0%
Fungi Lecanoromycetes Class
0%
Plant Lens / Vicia lens
0%
Fungi Leotiomycetes Class
0%
Plant Linaceae Family
0%
Plant Lupinus
0%
Fungi Lycoperdon perlatum
0%
Plant Lycopodiophyta Division
0%
Plant Lythraceae Family
0%
Fungi Macrolepiota procera
0%
Plant Magnoliaceae Family
0%
Plant Magnoliales Order
0%
Plant Magnoliid Dicots
0%
Plant Maleae Tribe
0%
Plant Malpighiales Order
0%
Plant Malvaceae Family
0%
Plant Malvales Order
0%
Plant Mammillaria
0%
Plant Mangifera
0%
Fungi Marasmiaceae Family
0%
Fungi Marasmiineae Suborder
0%
Plant Marchantiophyta Division
0%
Plant Melanthiaceae
0%
Plant Monstera
0%
Plant Moraceae Family
0%
Fungi Morchellaceae Family
0%
Fungi Most Lichens
0%
Fungi Mucoraceae Family
0%
Fungi Mucorales Order
0%
Fungi Mucoromycetes Class
0%
Fungi Mucoromycota Phylum
0%
Plant Musaceae Family
0%
Plant Muscari
0%
Plant Myristicaceae Family
0%
Plant Myrtaceae Family
0%
Plant Myrtales Order
0%
Myxogastria Class
0%
Plant Nelumbo
0%
Plant Nephrolepidaceae Family
0%
Plant Nicotiana
0%
Plant Nymphaeaceae Family
0%
Obazoa
0%
Plant Ocimum basilicum
0%
Plant Oleaceae Family
0%
Plant Olea europaea
0%
Fungi Omphalotaceae Family
0%
Plant Onagraceae Family
0%
Oomycetes Class
0%
Opisthokonta
0%
Plant Origanum
0%
Plant Oryza
0%
Plant Paeconiaceae Family
0%
Plant Panax
0%
Plant Papaveraceae Family
0%
Plant Paphiopedilum
0%
Fungi Parmelia
0%
Fungi Parmeliaceae Family
0%
Plant Passifloraceae Family
0%
Plant Pedaliaceae Family
0%
Fungi Penicillium
0%
Plant Pentapetalae
0%
Plant Peperomia
0%
Plant Persea americana
0%
Plant Petroselinum crispum
0%
Plant Petunia
0%
Fungi Pezizaceae Family
0%
Fungi Pezizales Order
0%
Fungi Pezizomycetes Class
0%
Fungi Pezizomycotina
0%
Phacophyceae Class
0%
Plant Phalaenopsis
0%
Fungi Phallaceae Family
0%
Fungi Phallales Order
0%
Plant Phaseoleae Tribe
0%
Plant Phaseolus
0%
Plant Philodendron
0%
Plant Phoenix
0%
Fungi Physalacriaceae Family
0%
Plant Pilosocereus
0%
Plant Pimenta dioica
0%
Plant Pinaceae Family
0%
Plant Pinales Order
0%
Plant Pinopsida Class
0%
Plant Piperaceae Family
0%
Plant Piperales Order
0%
Plant Piper nigrum
0%
Plant Pistacia vera
0%
Plant Plantaginaceae Family
0%
Plant Platanaceae Family
0%
Fungi Pleurotaceae Family
0%
Plant Polypodiales Order
0%
Plant Polypodiophyta Division
0%
Plant Polypodiopsida Class
0%
Fungi Polyporales Order
0%
Plant Primulaceae Family
0%
Plant Proteaceae Family
0%
Plant Proteales Order
0%
Plant Prunus amygdalus
0%
Plant Prunus armeniaca
0%
Plant Prunus avium
0%
Plant Prunus domestica
0%
Plant Prunus persica
0%
Plant Pseudotsuga
0%
Plant Psidium guajava
0%
Fungi Pucciniomycetes Class
0%
Fungi Pyronemataceae Family
0%
Rhodophyta Division
0%
Plant Rubiaceae Family
0%
Plant Rubus
0%
Plant Rubus allegheniensis
0%
Plant Rubus idaeus
0%
Fungi Russula
0%
Fungi Russulaceae Family
0%
Fungi Russulales Order
0%
Plant Rutaceae Family
0%
Fungi Saccharomyces cerevisiae
0%
Fungi Saccharomycetaceae Family
0%
Fungi Saccharomycetales Order
0%
Fungi Saccharomycetes Class
0%
Plant Saccharum
0%
Plant Salicaceae Family
0%
Plant Salix
0%
Plant Salvia apiana
0%
Plant Salvia officinalis
0%
Plant Salvia rosmarinus
0%
Plant Santalaceae Family
0%
Plant Santalales Order
0%
Plant Santalum
0%
Plant Sapindaceae Family
0%
Plant Sapindales Order
0%
Plant Schefflera
0%
Plant Schisandraceae Family
0%
Fungi Schizophyllaceae Family
0%
Plant Secale
0%
Plant Sinapis alba
0%
Plant Solanales Order
0%
Plant Solanum lycopersicum
0%
Plant Solanum melongena
0%
Plant Solanum tuberosum
0%
Fungi Sordariomycetes Class
0%
Plant Spathiphyllum
0%
Plant Spermatophytes
0%
Plant Spinacia oleracea
0%
Stramenopiles
0%
Plant Syringa
0%
Plant Syzygium aromaticum
0%
Plant Tageteae Tribe
0%
Plant Tagetes
0%
Plant Taraxacum
0%
Plant Taxaceae Family
0%
Fungi Teloschistaceae Family
0%
Fungi Teloschistales Order
0%
Plant Theaceae Family
0%
Plant Theobroma cacao
0%
Plant Thuja plicata
0%
Plant Thymus
0%
Plant Toxicodendron
0%
Plant Tracheophyta
0%
Fungi Tremellomycetes Class
0%
Plant Trifolium
0%
Plant Triticeae Tribe
0%
Plant Triticum
0%
Fungi True Yeasts
0%
Fungi Tuberaceae Family
0%
Tubulinea Class
0%
Plant Typhaceae Family
0%
Plant Ulmaceae Family
0%
Unikonta / Amorphea
0%
Fungi Usnea
0%
Fungi Ustilaginomycetes Class
0%
Plant Vaccinium
0%
Plant Vanilla
0%
Plant Viburnaceae Family
0%
Plant Violaceae Family
0%
Plan Viridiplantae
0%
Plant Viscum album
0%
Plant Vitaceae Family
0%
Plant Vitales Order
0%
Plant Washingtonia
0%
Fungi Xylaria
0%
Fungi Xylariaceae Family
0%
Fungi Xylaria hypoxylon
0%
Fungi Xylariales Order
0%
Fungi Xylaria longipes
0%
Fungi Xylaria polymorpha
0%
Plant Zea
0%
Plant Zingiberaceae Family
0%
Plant Zingiberales Order
0%
Plant Zinnia
0%
No matching quizzes found
Score Distribution
Percent of People with Each Score
Percentile by Number Answered
Your Score History
You have not taken this quiz since the last reset